Normal view MARC view
  • M. P. Meyer.

Entry Personal Name

Number of records used in: 1

001 - CONTROL NUMBER

  • control field: 40982

003 - CONTROL NUMBER IDENTIFIER

  • control field: NUST

005 - DATE AND TIME OF LATEST TRANSACTION

  • control field: 20210314131933.0

008 - FIXED-LENGTH DATA ELEMENTS

  • fixed length control field: 210314|| aca||aabn | a|a d

040 ## - CATALOGING SOURCE

  • Original cataloging agency: NUST
  • Transcribing agency: NUST

100 ## - HEADING--PERSONAL NAME

  • Personal name: M. P. Meyer.

670 ## - SOURCE DATA FOUND

  • Source citation: Work cat.: (NUST): M. P. Meyer.,, Comparison of engineering properties of selected temperate and tropical surface soils, June 1996
© 2023 Central Library, National University of Sciences and Technology. All Rights Reserved.